000 00732cam a22002413a 4500
001 21814
003 PGUSA
005 20140828083450.0
008 070612s2007||||xxu|||||s|||||000 | eng d
040 _aPGUSA
_beng
042 _adc
050 4 _aBT
100 1 _aStalker, James,
_d1848-1927
245 1 4 _aThe Trial and Death of Jesus Christ :
_bA Devotional History of our Lord's Passion
_h[electronic resource] /
_cJames Stalker
260 _bProject Gutenberg,
_c2007
506 _aPublic domain in the USA.
516 _aElectronic text
653 _aJesus Christ -- Trial
653 _aJesus Christ -- Crucifixion
830 0 _aProject Gutenberg
_v21814
856 4 0 _uhttp://www.gutenberg.org/ebooks/21814
942 _cEB
999 _c251069
_d251069